000 00782nam a2200205Ia 4500
003 OSt
005 20210724011819.0
008 210310s1986 ck gr 000 0 spa d
040 _aCO-JMCR
_cCO-JMCR
041 0 _aspa
082 0 4 _a332.72 /
_bC649m
_223
110 2 _aCámara de Comercio de Bogotá
_99118
245 1 0 _aManual de Crédito Nacional 1986 /
_cCámara de Comercio de Bogotá
260 _aBogotá :
_bEdiciones Bancarias y Financieras Ltda.,
_c1986
300 _a101 páginas ;
_c23 cm.
504 _aBibliografía: página 101
505 0 _aEntidades financieras -- Sector agropecuario -- Sector industrial -- Sector de la construcción y vivienda -- Sector comercio -- Sector servicios y otros
650 1 4 _aCrédito
_916560
_xManuales
_zColombia
942 _2ddc
_cBK
999 _c8183
_d8183